Dynamika personálno-poradenského trhu v Európskej únií a na Slovensku

Analýza štruktúry a vývoja vybraných ekonomických ukazovateľov personálno-poradenského trhu v Európskej únii a na Slovensku s akcentom na vplyv hospodárskej krízy na uvedený trh, pričom sa autorky zamerali konkrétne na služby sprostredkovania práce. Európsky trh sprostredkovania zamestnania zaznamen...

Ausführliche Beschreibung

Gespeichert in:
Bibliographische Detailangaben
1. Verfasser: Krošláková, Monika, 1975-
Weitere Verfasser: Novotová, Jana
Format: Buchkapitel
Sprache:Slowakisch
Schlagworte:
Tags: Tag hinzufügen
Keine Tags, Fügen Sie das erste Tag hinzu!

MARC

LEADER 00000nla a2200000 4500
001 0207333
005 20240502073439.3
041 0 |a slo 
044 |a SK 
245 1 0 |a Dynamika personálno-poradenského trhu v Európskej únií a na Slovensku  |c Monika Krošláková, Jana Novotová 
520 |a Analýza štruktúry a vývoja vybraných ekonomických ukazovateľov personálno-poradenského trhu v Európskej únii a na Slovensku s akcentom na vplyv hospodárskej krízy na uvedený trh, pričom sa autorky zamerali konkrétne na služby sprostredkovania práce. Európsky trh sprostredkovania zamestnania zaznamenal vo vybraných ukazovateľoch kontinuálny nárast okrem ukazovateľa produktivity práce, slovenský trh sprostredkovania práce je charakteristický vyššou dynamikou rastu. 
610 2 0 |a služby poradenské 
610 2 0 |a poradenstvo personálne 
610 2 0 |a sprostredkovanie práce 
610 2 0 |a kríza hospodárska 
610 2 0 |a Európska únia 
610 2 0 |a Slovensko 
100 1 |a Krošláková, Monika, 1975- 
700 1 |a Novotová, Jana